Los viajeros modernos o relaciones de los viajeros mas interesantes e instructivos que se hicierón en los siglos XV y XVI (Record no. 6319)

MARC details
000 -CABECERA
campo de control de longitud fija 00987nam a2200253 a 4500
001 - NÚMERO DE CONTROL
campo de control BRCA_6635
005 - FECHA Y HORA DE LA ÚLTIMA TRANSACCIÓN
campo de control 20190320205533.0
008 - DATOS DE LONGITUD FIJA--INFORMACIÓN GENERAL
campo de control de longitud fija 101011s1861----fr-abc####---#000-0#spa-#
041 ## - CÓDIGO DE LENGUA
Código de lengua del texto/banda sonora o título independiente spa
044 ## - CÓDIGO DEL PAÍS DE LA ENTIDAD EDITORA/PRODUCTORA
Código MARC del país fr
050 #4 - SIGNATURA TOPOGRÁFICA DE LA BIBLIOTECA DEL CONGRESO
Número de clasificación G150
Número de documento/Ítem .Ch37 2 1861
100 1# - ENTRADA PRINCIPAL--NOMBRE DE PERSONA
Nombre de persona Charton, Eduardo
Fechas asociadas al nombre 1807-1890
9 (RLIN) 16615
245 10 - MENCIÓN DE TÍTULO
Título Los viajeros modernos o relaciones de los viajeros mas interesantes e instructivos que se hicierón en los siglos XV y XVI
Resto del título traducida al castellano y arreglada en la parte relativa a Cristobal Colón y Hernán Cortes, bajo la dirección de Mariano Urrabieta
Mención de responsabilidad, etc. Eduardo Charton.
260 ## - PUBLICACIÓN, DISTRIBUCIÓN, ETC.
Lugar de publicación, distribución, etc. París
Nombre del editor, distribuidor, etc. X de Lassalle y Melan
Fecha de publicación, distribución, etc. 1861
300 ## - DESCRIPCIÓN FÍSICA
Extensión 421 p.
Otras características físicas il. , 240 grabados, mapas, retratos
Dimensiones 27 cm.
500 ## - NOTA GENERAL
Nota general Obra coronada y premiada por la Academia Frnacesa
500 ## - NOTA GENERAL
Nota general Edición con cantos dorados
500 ## - NOTA GENERAL
Nota general Ejemplar igual a: L125
500 ## - NOTA GENERAL
Nota general L126
504 ## - NOTA DE BIBLIOGRAFÍA, ETC.
Nota de bibliografía, etc. Bibliografía: p. 480
650 14 - PUNTO DE ACCESO ADICIONAL DE MATERIA--TÉRMINO DE MATERIA
Término de materia o nombre geográfico como elemento de entrada Viajes y travesías
9 (RLIN) 4701
902 ## - CATALOGADOR
Iniciales GFM
942 ## - ELEMENTOS DE PUNTO DE ACCESO ADICIONAL (KOHA)
Fuente del sistema de clasificación o colocación Library of Congress Classification
Tipo de ítem Koha Libros
Holdings
Estado de retiro Estado de pérdida Estado dañado No para préstamo Localización permanente Ubicación/localización actual Fecha de adquisición Número de inventario Total de préstamos Signatura topográfica completa Código de barras Fecha visto por última vez Precio válido a partir de Tipo de ítem Koha
El ejemplar forma parte de la colección y puede ser consultado según las políticas vigentes.       Biblioteca del Museo Franz Mayer (Rogerio Casas-Alatriste) Biblioteca del Museo Franz Mayer (Rogerio Casas-Alatriste) 10/10/2011 L126   G150 .Ch37 2 1861 (L126) 7083 22/03/2019 22/03/2019 Libros